| 000 | 01733nam0a2200349 4500 | ||
|---|---|---|---|
| 001 | RU\NLR\bibl\4055 | ||
| 005 | 20260406143555.0 | ||
| 010 |
_a5-7357-0037-5 _910000 |
||
| 021 |
_aRU _b98-2780 _9137 |
||
| 035 | _a(NLR Aleph) 000003929 | ||
| 090 |
_a9476 _c9476 |
||
| 100 | _a19980724d1997 |||y0rusy50 ca | ||
| 101 | 0 | _arus | |
| 102 | _aRU | ||
| 105 | _ay ||||||||| | ||
| 200 | 1 |
_aКриминология _e[Учеб. для студентов, аспирантов, преподавателей вузов, практ. работников правоохран. органов] _f[С.Б. Алимов, Ю.М. Антоян, С.П. Бузынова и др.] _gПод ред. акад. В.Н. Кудрявцева и проф. В.Е. Эминова |
|
| 205 | _a[2-е изд., перераб. и доп.] | ||
| 210 |
_aМ. _cЮристъ _d1997 |
||
| 215 |
_a511 с. _d21 |
||
| 225 | 1 | _aInstitutiones | |
| 320 | _aЛит. (1989-1993гг.) / Сост. д.ю.н., проф. Эминов В.Е., д.ю.н. Власов В.И.: с. 476-511 | ||
| 320 | _aБиблиогр. в подстроч. прим. | ||
| 606 | 0 |
_aКриминология _jРуководства,пособия и т.п. _9976079 _3RU\NLR\auth\6648014 |
|
| 686 | _aХ628.3я73 | ||
| 701 | 1 |
_4070 _8rus _7ca _aАлимов _bС. Б. _gСергей Борисович _3RU\NLR\auth\774684 _9114661 |
|
| 702 | 1 |
_4340 _8rus _7ca _aКудрявцев _bВ. Н. _cд-р юрид. наук _f1923-2007 _gВладимир Николаевич _3RU\NLR\auth\773766 _9113758 |
|
| 801 | 0 |
_aRU _bNLR _c19980724 _gPSBO |
|
| 801 | 1 |
_aRU _bNLR _c19980724 |
|
| 852 |
_aNLR _j98-5/623 |
||
| 942 | _cBOOK | ||
| 980 | _aNB | ||